000 00933nas a2200301 4500
001 BR0202010
003 BR-BrBNA
005 20231205102906.0
007 ta
008 230509b bl.|||p| |||| 00| 00por d
040 _aBR-BrBNA
_bpor
_cBiblioteca Nacional de Agricultura
041 _a(Pt)
072 _aF40
100 1 _aBotrel, M. de A.
100 1 _aAlvim, M.J.
100 1 _aFerreira, R. de P.
100 1 _aXavier, D.F.
245 1 _aPotencial forrageiro de gramíneas em condições de baixas temperaturas e altitude elevada
650 _aGRAMÍNEA FORRAGEIRA
650 _aRESISTÊNCIA À TEMPERATURA
650 _aCOBERTURA VEGETAL
650 _aPASTAGEM
650 _aMATÉRIA SECA
650 _aPLANTA INDICADORA
773 0 _tPesquisa Agropecuária Brasileira (Brazil)
_xISSN 0100-204X
_g(Mar 2002), v. 37(3) p. 393-398
_wBR0202010
909 _a202311
_bLúcia
_c55
_dLúcia Elande
942 _2AGRIS
_n0
_cANA
999 _c169921
_d169921